000 00922nam a2200253Ia 4500
003 OSt
005 20221005112254.0
006 a|||||r|||| 00| 0
007 ta
008 221004b |||||||| |||| 00| 0 pan d
020 _a8178560976 (hbk)
_c400
024 _a104391
037 _b519, 02/02/2011, H.K. Prakashan
_cTextual
040 _aCRL
_cCRL
_bpan
041 _2pan
_apan
082 _aO153:g, P4;P6
100 _aਜੋੀ, ਜੀਤ ਸਿੰਘ
245 0 _aਪੰਜਾਬੀ ਅਧਿਐਨ ਤੇ ਅਧਿਆਪਨ ਬਦਲਦੇ ਪਰਿਪੇਖ
260 _aਅੰਮ੍ਰਿਤਸਰ
_bਵਰਿਸ ਾਹ ਖ਼ਾਊ੍ਵਡੇਨ ਭਾਰਤ
_c2006
300 _a496ਪੰ
_ccm.
650 _aਪੰਜਾਬੀ ਸਾਹਿਤ
942 _hO153:g, P4;P6
_cTEXL
_2cc
999 _c1024385
_d1024385